| 000 | 00623nam a22002057a 4500 | ||
|---|---|---|---|
| 003 | OSt | ||
| 005 | 20140310181752.0 | ||
| 008 | 130627t xxu||||| |||| 00| 0 eng d | ||
| 020 | _a9789718694053 | ||
| 050 |
_aQK.368 _b.P714 1971 |
||
| 082 |
_aFIL 581 _b P694 1996 |
||
| 245 |
_aPlants of the Philippines / _cOriginally published for the UP science Education Center by University of the Philippines |
||
| 250 | _a2nd | ||
| 260 |
_aSta.Mesa, Philippines _bIsland Publishing House Inc. _c1971. |
||
| 300 |
_avii 519 p. _bill.; _c26 cm. |
||
| 562 | _e1 | ||
| 650 |
_aPlants _xPhilippines |
||
| 942 |
_2lcc _cBK |
||
| 999 |
_c3273 _d3273 |
||